| 000 | 00624nam a2200205 a 4500 | ||
|---|---|---|---|
| 001 | 000020266 | ||
| 003 | DO-SdBNP | ||
| 005 | 20150716093043.0 | ||
| 008 | 100802s2000 dr a 001 0 spa d | ||
| 020 | _a9789701704127 | ||
| 040 |
_aBPJMB _bspa _cBPJMB |
||
| 092 |
_axxxx _bC357u |
||
| 245 | 0 | 0 |
_aCatálogo universitario : _bmatemáticas y ciencias. |
| 260 |
_aMéxico : _bPearson educación _bAddison Wesley _bPrentice Hall, _c2000. |
||
| 300 |
_a132 p. : _bil. ; _c27 cm. |
||
| 500 | _aIncluye índices | ||
| 942 |
_2ddc _cBK |
||
| 956 |
_aBTAVAREZ _b10 _c20100802 _lBND02 _h1506 |
||
| 956 |
_aRDELGADO _b10 _c20100803 _lBND01 _h1101 |
||
| 999 |
_c7967 _d7967 |
||